[Event "EU-ch U12 Girls rapid"]
[Site "Terme Catez"]
[Date "2023.09.28"]
[Round "6"]
[White "Savchenko, Iryna"]
[Black "Beber, Anja"]
[Result "0-1"]
[WhiteElo "1247"]
[BlackElo "1555"]
[PlyCount "92"]
[EventDate "2023.09.28"]
[EventType "swiss (rapid)"]
[EventRounds "9"]
[EventCountry "SLO"]
[SourceTitle "EXT 2024"]
[Source "ChessBase"]
[SourceDate "2023.10.10"]
[SourceVersion "1"]
[SourceVersionDate "2023.10.10"]
[SourceQuality "1"]

1. e4 e5 2. Nf3 Nc6 3. Bb5 Nge7 4. c3 g6 5. 0-0 Bg7 6. d4 a6 7. Bc4 b5 8. Bb3 0-0 9. Bg5 d6 10. Qd2 Bb7 11. Bh6 Qc8 12. Bxg7 Kxg7 13. Ng5 h6 14. Nh3 Na5 15. d5 f5 16. f3 Nxb3 17. axb3 fxe4 18. fxe4 Rxf1+ 19. Kxf1 Qg4 20. Nf2 Rf8 21. Kg1 Qh4 22. c4 bxc4 23. bxc4 Qf6 24. Nc3 Bc8 25. Rf1 g5 26. Qe2 Ng6 27. Nh3 Qxf1+ 28. Qxf1 Rxf1+ 29. Kxf1 Bxh3 30. gxh3 Nf4 31. Na4 Nxh3 32. c5 Nf4 33. cxd6 cxd6 34. Kf2 Kf6 35. Kf3 h5 36. Kg3 Nd3 37. Kf3 a5 38. Ke3 Nc5 39. Nc3 g4 40. Nb5 Nb7 41. Kf2 h4 42. Ke3 Kg5 43. Nc3 Kf6 44. Nb5 Ke7 45. Kf2 Nc5 46. Ke3 h3 0-1

[Event "Poronin op"]
[Site "Poronin"]
[Date "2023.01.07"]
[Round "3"]
[White "Savchenko, Iryna"]
[Black "Bandyk, Wladyslaw"]
[Result "0-1"]
[WhiteElo "1190"]
[BlackElo "1442"]
[PlyCount "82"]
[EventDate "2023.01.06"]
[EventType "swiss"]
[EventRounds "9"]
[EventCountry "POL"]
[SourceTitle "CBM 212 Extra"]
[Source "ChessBase"]
[SourceDate "2023.03.31"]
[SourceVersion "1"]
[SourceVersionDate "2023.03.31"]
[SourceQuality "1"]

1. e4 c5 2. Nf3 d6 3. d4 cxd4 4. Nxd4 Nf6 5. Nc3 a6 6. Bc4 e6 7. a3 Be7 8. Be3 0-0 9. f3 Nc6 10. Qd2 Ne5 11. Bb3 Qc7 12. g4 Nc4 13. Bxc4 Qxc4 14. g5 Nh5 15. h4 Rd8 16. Nde2 d5 17. Rd1 Bc5 18. Bxc5 Qxc5 19. exd5 exd5 20. Nxd5 Be6 21. Nec3 Ng3 22. Ne4 Nxe4 23. fxe4 Bg4 24. Rc1 Bf3 25. Rf1 Bxe4 26. c4 Bxd5 27. cxd5 Qxd5 28. Qf4 Re8+ 29. Kf2 Re4 30. Qf3 Qd4+ 31. Kg2 Rg4+ 32. Kh3 Rxh4+ 33. Kg3 h5 34. b3 Rg4+ 35. Kh3 Qd7 36. Kh2 Rh4+ 37. Kg3 Rh3+ 38. Kg2 Rxf3 39. Kxf3 Re8 40. g6 Qg4+ 41. Kf2 Re2# 0-1

[Event "Poronin op"]
[Site "Poronin"]
[Date "2023.01.06"]
[Round "2"]
[White "Pyzik, Karol"]
[Black "Savchenko, Iryna"]
[Result "0-1"]
[WhiteElo "1073"]
[BlackElo "1190"]
[PlyCount "63"]
[EventDate "2023.01.06"]
[EventType "swiss"]
[EventRounds "9"]
[EventCountry "POL"]
[SourceTitle "CBM 212 Extra"]
[Source "ChessBase"]
[SourceDate "2023.03.31"]
[SourceVersion "1"]
[SourceVersionDate "2023.03.31"]
[SourceQuality "1"]

1. e4 c5 2. Nc3 e6 3. Nge2 Nc6 4. g3 d5 5. d3 g6 6. Bg2 d4 7. Nb1 Bg7 8. f4 e5 9. c3 Nge7 10. fxe5 Bxe5 11. cxd4 Nxd4 12. Nd2 Bg4 13. Bf1 Nf3+ 14. Nxf3 Bxf3 15. Qa4+ Nc6 16. Rg1 Qxd3 17. Qb3 Qxb3 18. axb3 Nd4 19. Nxd4 Bxd4 20. Bb5+ Ke7 21. Rf1 Bxe4 22. Bc4 f5 23. Bg5+ Kd6 24. Rd1 Kc6 25. Bf4 Rhe8 26. Kd2 Bxb2 27. Bd3 Rad8 28. Kc2 Bxd3+ 29. Rxd3 Re2+ 30. Rd2 Rdxd2+ 31. Bxd2 Ba3 32. Rd1 0-1

[Event "Poronin op"]
[Site "Poronin"]
[Date "2023.01.06"]
[Round "1"]
[White "Savchenko, Iryna"]
[Black "Lajdamik, Kinga"]
[Result "0-1"]
[WhiteElo "1190"]
[BlackElo "1548"]
[PlyCount "64"]
[EventDate "2023.01.06"]
[EventType "swiss"]
[EventRounds "9"]
[EventCountry "POL"]
[SourceTitle "CBM 212 Extra"]
[Source "ChessBase"]
[SourceDate "2023.03.31"]
[SourceVersion "1"]
[SourceVersionDate "2023.03.31"]
[SourceQuality "1"]

1. e4 c6 2. d4 d5 3. Nc3 dxe4 4. Nxe4 Nf6 5. Ng3 Qc7 6. Nf3 Bg4 7. h3 Bxf3 8. Qxf3 e6 9. Bf4 Bd6 10. Bxd6 Qxd6 11. 0-0-0 Nbd7 12. Bc4 0-0 13. Bd3 Rab8 14. Nh5 c5 15. Nxf6+ Nxf6 16. g4 cxd4 17. g5 Nd7 18. Qh5 g6 19. Qh6 Qf4+ 20. Kb1 Ne5 21. Be2 Qxf2 22. Rde1 Nf3 23. Rhf1 Nd2+ 24. Kc1 Nxf1 25. Rxf1 Qxe2 26. Rd1 Rbc8 27. Rd2 Qe1+ 28. Rd1 Rxc2+ 29. Kxc2 Rc8+ 30. Kb3 Qxd1+ 31. Ka3 b5 32. Qh4 Qa4# 0-1